| 000 | 01252nam0a22003611 4500 | ||
|---|---|---|---|
| 001 | RU\NLR\bibl\991813 | ||
| 005 | 20260406064818.0 | ||
| 010 |
_a5-367-00175-0 _94000 |
||
| 021 |
_aRU _b2006-49199 _92438 |
||
| 035 | _a(NLR Aleph) 000979609 | ||
| 090 |
_a450682 _c450682 |
||
| 100 | _a20061005d2006 |||y0rusy50 ca | ||
| 101 | 1 |
_arus _cjpn |
|
| 102 | _aRU | ||
| 105 | _ay ||||||||| | ||
| 200 | 1 |
_aHardboiled/Hard Luck _e[романы] _fБанана Есимото _g[пер. с яп. Н.Ю. Саватюгина] |
|
| 210 |
_aСанкт-Петербург _cАмфора _d2006 |
||
| 215 |
_a139, [1] c. _d17 |
||
| 225 | 1 | _aАмфора-мини | |
| 300 | _aНа 4-й с. обл. авт.: псевд.- Банана | ||
| 327 | 1 | _aСодерж.: Чистая совесть; Доля | |
| 686 | _aШ6(5Я)67-440.4{Лх2318-50} | ||
| 700 | 1 |
_4070 _8rus _7ca _aЕсимото _bБ. _f1964- _gБанана _3RU\NLR\auth\7714515 _9124187 |
|
| 702 | 1 |
_aСаватюгина _bН. Ю. _4730 |
|
| 801 | 0 |
_aRU _bNLR _c20061005 _grcr |
|
| 801 | 1 |
_aRU _bNLR _c20061005 |
|
| 830 | _aпер. не раскр. | ||
| 852 |
_aNLR _bОЛСАА-сл-спр _j2-4855 |
||
| 942 | _cBOOK | ||
| 980 | _aNB | ||
| 980 | 1 | _aSL_SPR | |